书目信息 |
| 题名: |
Ajax and REST Recipes中文版
|
|
| 作者: | 格罗斯 著 ;蔡毅 , 李琳骁 译 | |
| 分册: | ||
| 出版信息: | 北京 电子工业出版社 2007 |
|
| 页数: | 345页 | |
| 开本: | 24cm | |
| 丛书名: | ||
| 单 册: | ||
| 中图分类: | TP393.09 | |
| 科图分类: | ||
| 主题词: | 计算机网络--ji suan ji wang luo--程序设计 | |
| 电子资源: | ||
| ISBN: | 978-7-121-05077-0 | |
| 000 | 01017nam0 2200265 450 | |
| 001 | 191000011480 | |
| 005 | 20081008113835.15 | |
| 010 | @a978-7-121-05077-0@dCNY49.80 | |
| 100 | @a20071109d2007 am y0chiy0121 ea | |
| 101 | 1 | @achi@ceng |
| 102 | @aCN@b110000 | |
| 105 | @aa z 000yy | |
| 200 | 1 | @aAjax and REST Recipes中文版@AAjax and REST Recipes zhong wen ban@eA Problem-Solution Approach@f(美) 格罗斯(C. Gross)著@g李琳骁, 蔡毅译 |
| 210 | @a北京@c电子工业出版社@d2007 | |
| 215 | @a345页@c图@d24cm | |
| 330 | @a 本书主要讨论如何用JavaScript、Ajax和REST Web service构建应用,另外涉及一些用户接口相关的内容。本书包含大量非常实用的代码,稍加修改就能用在自己的应用里。本书一共分为8章。 | |
| 517 | 1 | @aA Problem-Solution Approach@zeng |
| 606 | 0 | @a计算机网络@Aji suan ji wang luo@x程序设计 |
| 690 | @aTP393.09@v4 | |
| 701 | 1 | @a格罗斯@Age luo si,@bC.@g(Gross, C.)@4著 |
| 702 | 0 | @a蔡毅@Acai yi@4译 |
| 702 | 0 | @a李琳骁@Ali lin xiao@4译 |
| 801 | 0 | @aCN@c20081008 |
| 905 | @dTP393.09@eG275 | |
| 999 | @awgm | |
| Ajax and REST Recipes中文版:A Problem-Solution Approach/(美) 格罗斯(C. Gross)著/李琳骁, 蔡毅译.-北京:电子工业出版社,2007 |
| 345页:图;24cm |
| ISBN 978-7-121-05077-0:CNY49.80 |
| 本书主要讨论如何用JavaScript、Ajax和REST Web service构建应用,另外涉及一些用户接口相关的内容。本书包含大量非常实用的代码,稍加修改就能用在自己的应用里。本书一共分为8章。 |
| ● |
| 相关链接 |
|
|
|
正题名:Ajax and REST Recipes中文版
索取号:TP393.09/G275
 
预约/预借
| 序号 | 登录号 | 条形码 | 馆藏地/架位号 | 状态 | 备注 |
| 1 | 840954 | 208409541 | 自科二线404/404自科库 15排1列1层/ [索取号:TP393.09/G275] | 在馆 | |
| 2 | 840955 | 208409550 | 自科库301/301自科库 123排2列6层/ [索取号:TP393.09/G275] | 在馆 | |
| 3 | 840956 | 208409569 | 自科库301/301自科库 123排2列6层/ [索取号:TP393.09/G275] | 在馆 |